| 000 | | | 03629nmc2a22002533x 450 |
| 001 | | | d0924548-7d36-4fa7-b1a8-cd291978f8f3 |
| 005 | | | 20200325182105.0 |
| 100 | ## | $a | 20191210l18971907k l0rusy0189 ca |
| 101 | 0# | $a | rus |
| 102 | ## | $a | RU |
| 105 | ## | $a | y### |
| 122 | 2# | $a | d |
| 200 | 1# | $a | Дело о службе артиста-фаготиста Александра Васильева |
| | $j | 1 октября 1897 г. - 1 сентября 1907 г. |
| 215 | ## | $a | 47 л. |
| | $d | 36,5х26 см |
| 251 | ## | $c | Дело |
| 300 | ## | $a | Дело |
| 371 | ## | $a | Документ не является опубликованным и широко распространяемым |
| 461 | #0 | $1 | 0012f5523c4-e973-4835-9ddf-67276a505255 |
| | $1 | 2001 |
| | $a | Дирекция императорских театров Министерства императорского двора |
| | $1 | 251 |
| | $c | Фонд |
| | $1 | 852 |
| | $j | 497 |
| 462 | #0 | $1 | 001a3a0e7f0-3ca0-40a6-a9d3-b89be949a9c1 |
| | $1 | 2001 |
| | $a | Личные дела служащих Дирекции императорских театров |
| | $1 | 251 |
| | $c | Опись |
| | $1 | 852 |
| | $j | 5 |
| 801 | #0 | $a | RU |
| | $b | РГИА |
| | $c | 20191210 |
| | $g | RCR |
| 801 | #1 | $a | RU |
| | $b | ГлавНИВЦ |
| | $c | 20191210 |
| | $2 | rusmarc |
| 801 | #2 | $a | RU |
| | $b | ПБ им. Б.Н. Ельцина |
| | $c | 20200325 |
| | $g | RCR |
| | $2 | rusmarc |
| 850 | ## | $a | РГИА |
| 852 | ## | $a | РГИА |
| | $e | Федеральное казенное учреждение "Российский государственный исторический архив" (РГИА) |
| | $j | 506 |
| 937 | ## | $h | РГИА |
| | $d | 12331185 |
| | $a | ASBIBLIO_SCAN |
| 035 | ## | $a | RuPRLIB12142524 |
| 856 | ## | $u | http://readingroom.main.prlib.ru/item.aspx?id_node=n144000850&mode=full |